Why do the Terms of Trade Matter?
Salvato in:
| Autore principale: | |
|---|---|
| Natura: | Libro |
| Lingua: | inglese |
| Pubblicazione: |
Queensland
The University of Queensland
1990
|
| Edizione: | 1. ed. |
| Serie: | Discussion Paper in Economics
No.27 |
| Tags: |
Nessun Tag, puoi essere il primo ad aggiungerne!!
|
MARC
| LEADER | 00000nam a2200000 4500 | ||
|---|---|---|---|
| 001 | c028454 | ||
| 005 | 20221215114614.8 | ||
| 041 | 0 | |a eng | |
| 044 | |a AU | ||
| 245 | 1 | 0 | |a Why do the Terms of Trade Matter? |c Tony Makin |
| 250 | |a 1. ed. | ||
| 264 | 1 | |a Queensland |b The University of Queensland |c 1990 | |
| 300 | |a 22 s. | ||
| 490 | 1 | |a Discussion Paper in Economics |v No.27 | |
| 830 | 0 | |a Discussion Paper in Economics |v No.27 | |
| 100 | 1 | |a Makin, Tony | |